000 00681nam a2200241Ia 4500
003 OSt
005 20220918202644.0
006 a|||||r|||| 00| 0
007 ta
008 220917b |||||||| |||| 00| 0 eng d
024 _a102,850
037 _cTextual
040 _aARTS
_cARTS
_beng
041 _2eng
_aeng
082 _aV253:1:L65<-G06, L0
100 _aChoudhary Radhakrishna
_9104789
245 0 _aHistory of Muslim rule in Tirhut 1206--1765 A D
260 _aNA
_bNA
_c1970
490 _aChowkhamba sanskrit studies; 72
650 _aHISTORY
942 _hV253:1:L65<-G06, L0
_cTEXL
_2CC
999 _c226299
_d226299